Prof. Dr. Víťazoslav Chlumský umrel

Bibliographic Details
Main Author: Červeňanský (Author)
Format: Article
Language:Slovak

MARC

LEADER 00000nab a2200000ua 4500
001 vtls010744264
003 SK-MaSNL
005 20260304200900.0
008 250718s1943 xo |||||||||||||||||slo|
035 |a (urnnbn)urn:nbn:sk:snk:ar-a0351z 
035 |a (uuid)3a994c51-25b8-4bb7-b076-7944000bacf3 
035 |a urn:nbn:sk:snk-ab53cm 
040 |a SNKBUCL  |b slo  |c SNKBUCL  |e AACR2 
041 0 |a slo 
044 |a xo  |c SK 
100 1 |a Červeňanský  |4 aut  |9 533278 
245 1 0 |a Prof. Dr. Víťazoslav Chlumský umrel  |c Červeňanský 
773 0 |t Bratislavské lekárske listy  |g Roč. 23, č. 12 (1943), s. 164-165 
850 |a Slovenská národná knižnica 
852 |a Slovenská národná knižnica 
954 |a odborná, vedecká literatúra pôvodná (slovenská)  |2 lita 
958 |a article3 
958 |a OND 
958 |a EUIPO 
999 |c 3091689  |d 3093619